[Event ""]
[Site ""]
[Date "????.??.??"]
[Round "2"]
[White "Ìèøèí Àëåêñåé"]
[Black "Ëîçáåíåâ Ïàâåë"]
[Result "1-0"]
[WhiteElo "2285"]
[BlackElo "2073"]
[Annotator ""]
[Source ""]
[Remark ""]

1.e4 e6 2.d4 d5 3.e5 c5 4.c3 Nc6 5.Nf3 Qb6 6.a3 Nh6 7.b4 cxd4
8.cxd4 Nf5 9.Bb2 Be7 10.h4 Qd8 11.Bd3 h6 12.h5 Bd7 13.Bc3 a6
14.Nbd2 Na7 15.a4 Rc8 16.Qb3 Nc6 17.b5 Na5 18.Bxa5 Qxa5 19.g4
Rc3 20.Qb1 Ba3 21.gxf5 Rc1+ 22.Qxc1 Bxc1 23.Rxc1 exf5 24.Ke2
O-O 25.Nb3 Qb4 26.Nc5 Bc8 27.Rb1 Qa3 28.b6 f4 29.Rh4 f6 30.Rxf4
Re8 31.Rb3 Qc1 32.Rh4 fxe5 33.Bg6 Re7 34.Nxe5 Qg5 35.Rh1 Qg4+
36.Ke3 Rxe5+ 37.dxe5 Qc4 38.Rd1 Qxc5+ 39.Rd4 Bg4 40.Rbd3 Qc1+ 1-0

[Event ""]
[Site ""]
[Date "????.??.??"]
[Round "2"]
[White "Êîíîâàëîâ Âÿ÷åñëàâ"]
[Black "Îñîáëèâûé Ãðèãîðèé"]
[Result "1/2-1/2"]
[WhiteElo "2068"]
[BlackElo "2282"]
[Annotator ""]
[Source ""]
[Remark ""]

1.d4 d5 2.Nf3 Nf6 3.e3 Bg4 4.Nbd2 e6 5.Bd3 Bd6 6.O-O O-O 7.c4
c6 8.Qb3 Qc8 9.e4 Bxf3 10.e5 Bc7 11.Nxf3 dxc4 12.Qxc4 Nd5 13.Bg5
Nd7 14.Rac1 Bd8 15.Bd2 Be7 16.b4 a6 17.a4 Qd8 18.Qb3 Qb6 19.Rb1
Rfc8 20.Rfc1 h6 21.Be4 Rd8 22.b5 axb5 23.axb5 c5 24.Bxd5 exd5
25.Qxd5 cxd4 26.Qxd4 Qxd4 27.Nxd4 Nxe5 28.Nf5 Rxd2 29.Nxe7+ Kh7
30.Rd1 Raa2 31.Rxd2 Rxd2 32.Nf5 Ng4 33.f3 Nf6 34.Ne3 h5 35.Nc4
Rd4 36.Rc1 Rd5 37.Rb1 Ne8 1/2-1/2

[Event ""]
[Site ""]
[Date "????.??.??"]
[Round "2"]
[White "Ñîêîëîâ Èãîðü"]
[Black "Ëóãîâîé Äìèòðèé"]
[Result "1-0"]
[WhiteElo "2281"]
[BlackElo "2066"]
[Annotator ""]
[Source ""]
[Remark ""]

1.d4 d5 2.Nf3 Nf6 3.c4 dxc4 4.e3 Bg4 5.Bxc4 e6 6.Qb3 Bxf3 7.gxf3
Nbd7 8.Nc3 c5 9.d5 Be7 10.dxe6 fxe6 11.Bxe6 Ne5 12.Qb5+ Kf8 13.Qe2
Nd3+ 14.Kf1 Qd6 15.Bc4 Ne5 16.e4 Qd7 17.h4 a6 18.a4 Rc8 19.Be3
Nc6 20.Rd1 Nd4 21.Bxd4 cxd4 22.e5 Nh5 23.Nd5 Bc5 24.e6 Qxa4 25.b3
Qc6 26.Qe4 Qe8 27.Qf5+ Kg8 28.e7 1-0

[Event ""]
[Site ""]
[Date "????.??.??"]
[Round "2"]
[White "Ãîðèøíèé Þðèé"]
[Black "Êðàéíîâ Àëåêñåé"]
[Result "0-1"]
[WhiteElo "2066"]
[BlackElo "2273"]
[Annotator ""]
[Source ""]
[Remark ""]

1.d4 d5 2.c4 c6 3.Nc3 Nf6 4.Nf3 g6 5.cxd5 cxd5 6.Bf4 Bg7 7.e3
O-O 8.Bd3 Nc6 9.h3 Bf5 10.Bxf5 gxf5 11.Ne5 e6 12.Nxc6 bxc6 13.O-O
Nd7 14.Rc1 Qa5 15.Qf3 Rfc8 16.a3 c5 17.dxc5 Qxc5 18.Qg3 Kh8 19.Ne2
Qb5 20.Nd4 Qxb2 21.Rb1 Qxa3 22.Nb5 Qf8 23.Nc7 e5 24.Nxa8 exf4
25.Qxf4 Rxa8 26.Qxf5 Nb6 27.Rfc1 Qe7 28.Rc6 Rd8 29.Rbc1 Be5 30.Qd3
Rd6 31.Rc7 Rd7 32.R7c6 Bg7 33.Qf5 Kg8 34.Qg4 Nc4 35.h4 Rd8 36.h5
h6 37.Rc8 Qd6 38.Rxd8+ Qxd8 39.e4 Nb6 40.exd5 Qxd5 0-1

[Event ""]
[Site ""]
[Date "????.??.??"]
[Round "2"]
[White "Äåìèäîâ Àëåêñàíäð"]
[Black "Îðëîâöåâ Àëåêñàíäð"]
[Result "1-0"]
[WhiteElo "2261"]
[BlackElo "2058"]
[Annotator ""]
[Source ""]
[Remark ""]

1.e4 c5 2.c3 e6 3.d4 d5 4.exd5 exd5 5.Nf3 Nc6 6.Bb5 Bd6 7.dxc5
Bxc5 8.O-O Nge7 9.Nbd2 Bg4 10.Qa4 Bd7 11.Nb3 Bd6 12.Bf4 Bxf4
13.Qxf4 Qb6 14.Bxc6 bxc6 15.Rfe1 Be6 16.Ng5 O-O 17.Qb4 Qxb4 18.cxb4
Ng6 19.Nxe6 fxe6 20.Rxe6 Rf6 21.Rae1 Kf7 22.Nd4 Rc8 23.Rxf6+
gxf6 24.Rc1 Ne7 25.a3 Ke8 26.Re1 Kd7 27.Rc1 Ke8 28.f4 Kd7 29.Kf2
Ra8 30.Rc3 Rc8 31.Rh3 Rh8 32.Re3 Ra8 33.g3 a6 34.Ne6 a5 35.Nc5+
Ke8 36.bxa5 Rxa5 37.b4 Ra8 38.a4 Rb8 39.Na6 Rb7 40.Ke2 Kd7 41.a5
Nf5 42.Rc3 Ra7 1-0

[Event ""]
[Site ""]
[Date "????.??.??"]
[Round "2"]
[White "Çèìåíêî Áîðèñ"]
[Black "Ñàìîéëîâ Àíòîí"]
[Result "0-1"]
[WhiteElo "2054"]
[BlackElo "2258"]
[Annotator ""]
[Source ""]
[Remark ""]

1.e4 c5 2.c3 d6 3.d4 Nf6 4.Bd3 e5 5.Ne2 Nc6 6.d5 Ne7 7.O-O Ng6
8.Nd2 Be7 9.f4 exf4 10.Nxf4 Ne5 11.Bb5+ Bd7 12.Bxd7+ Nfxd7 13.Nf3
O-O 14.Nxe5 Nxe5 15.Nd3 Bf6 16.Bf4 Ng6 17.Qe2 Re8 18.Rae1 c4
19.Nc1 Be5 20.g3 Rc8 21.Qf2 a6 22.Be3 Bf6 23.Bd4 Bxd4 24.cxd4
Rc7 25.Re3 Rce7 26.Rfe1 f6 27.a3 Nh8 28.Na2 Nf7 29.Nc3 b5 30.Qd2
Qb6 31.Kg2 Qb7 32.Kg1 Ng5 33.h4 Nf7 34.Nd1 Qb6 35.Kh2 a5 36.Nf2
b4 37.axb4 axb4 38.Ra1 Qb5 39.Ree1 f5 0-1

[Event ""]
[Site ""]
[Date "????.??.??"]
[Round "2"]
[White "Ìûøêèí Íèêèòà"]
[Black "Óëÿøåâ Íèêîëàé"]
[Result "1/2-1/2"]
[WhiteElo "2050"]
[BlackElo "1716"]
[Annotator ""]
[Source ""]
[Remark ""]

1.d4 Nf6 2.Nf3 e6 3.g3 d5 4.Bg2 b6 5.O-O Be7 6.c4 c6 7.Nc3 O-O
8.Ne5 Ba6 9.Qa4 Qe8 10.cxd5 cxd5 11.Qxe8 Rxe8 12.Bf4 Bb4 13.Bf3
Bxc3 14.bxc3 Nfd7 15.Rfc1 Nxe5 16.Bxe5 Nc6 17.Bf4 Rac8 18.e4
Ne7 19.a4 Bd3 20.exd5 Nxd5 21.Bxd5 exd5 22.a5 b5 23.Re1 Be2 24.Be5
Bd3 25.Bd6 Be4 26.Bc5 a6 27.Re3 1/2-1/2

[Event ""]
[Site ""]
[Date "????.??.??"]
[Round "2"]
[White "Áðóÿöêàÿ Ìàðèÿ"]
[Black "Öàðóêÿí Ýëèñ"]
[Result "0-1"]
[WhiteElo "2045"]
[BlackElo "2246"]
[Annotator ""]
[Source ""]
[Remark ""]

1.d4 Nf6 2.c4 g6 3.Nc3 Bg7 4.Nf3 O-O 5.g3 c6 6.Bg2 d6 7.O-O Nbd7
8.Qc2 e5 9.Rd1 Qe7 10.e4 Ne8 11.d5 c5 12.a3 f5 13.Ng5 Ndf6 14.Ne6
Rf7 15.Ng5 Rf8 16.Ne6 Bxe6 17.dxe6 Nxe4 18.Nxe4 fxe4 19.Qxe4
Rb8 20.Qd5 b6 21.h4 h6 22.Rd3 Rf6 23.Be4 Kh8 0-1

[Event ""]
[Site ""]
[Date "????.??.??"]
[Round "2"]
[White "Êîáà Èãîðü"]
[Black "Áëîõèíà Ýëüâèðà"]
[Result "1-0"]
[WhiteElo "2242"]
[BlackElo "1962"]
[Annotator ""]
[Source ""]
[Remark ""]

1.e4 c5 2.Nf3 d6 3.Bb5+ Bd7 4.Bxd7+ Qxd7 5.c4 Nf6 6.Nc3 e6 7.O-O
Be7 8.d4 cxd4 9.Nxd4 O-O 10.Be3 Nc6 11.f4 Rfd8 12.Qf3 Nxd4 13.Bxd4
Qc6 14.b3 Ne8 15.Rac1 Bf6 16.Bf2 a6 17.a4 Rac8 18.Ne2 b6 19.g4
Qb7 20.g5 Be7 21.Nc3 Nc7 22.Rfd1 b5 23.cxb5 axb5 24.a5 b4 25.Na4
Nb5 26.Rc4 Na3 27.Rxc8 Rxc8 28.Nb6 Rc6 29.Rd3 Nb5 30.Be1 Rc1
31.Kf2 d5 32.exd5 exd5 33.Qxd5 Rc7 34.Bd2 Bc5+ 1-0

[Event ""]
[Site ""]
[Date "????.??.??"]
[Round "2"]
[White "Òðîôèìîâ Âëàäèìèð"]
[Black "Áðóÿöêèé Åâãåíèé"]
[Result "1-0"]
[WhiteElo "2141"]
[BlackElo "2168"]
[Annotator ""]
[Source ""]
[Remark ""]

1.c4 Nf6 2.Nc3 e6 3.e4 d5 4.e5 Nfd7 5.d4 dxc4 6.Bxc4 Nb6 7.Bb3
Nc6 8.Nf3 Be7 9.O-O Nb4 10.a3 N4d5 11.Ne4 h6 12.Bd2 Bd7 13.Ba5
Bc6 14.Rc1 Nf4 15.Qc2 Rc8 16.Rfe1 O-O 17.Ba2 Ba4 18.b3 Bb5 19.Rcd1
Nbd5 20.Bb1 g6 21.h4 Bxa3 22.g3 Nh5 23.Nh2 Kg7 24.Ng4 Rh8 25.Nc5
Bxc5 26.dxc5 Bc6 27.Bd2 a5 28.Qc1 Nhf4 29.Nf6 Nh3+ 30.Kh2 Nxf2
31.Bg5 hxg5 32.Qxg5 Kf8 33.Rd2 Nxf6 34.Rxd8+ Rxd8 35.exf6 Rg8
36.Qh6+ Ke8 37.Bf5 Rd4 38.Bxe6 fxe6 39.f7+ Kxf7 1-0

[Event ""]
[Site ""]
[Date "????.??.??"]
[Round "2"]
[White "Òóðêèí Âèêòîð"]
[Black "Îáðåç÷èêîâ Ìèõàèë"]
[Result "1-0"]
[WhiteElo "2292"]
[BlackElo "1992"]
[Annotator ""]
[Source ""]
[Remark ""]

1.e4 e6 2.d4 d5 3.e5 b6 4.c3 Qd7 5.Nf3 Ba6 6.Bxa6 Nxa6 7.O-O
c5 8.a3 Ne7 9.Ng5 h6 10.Nh7 Rxh7 11.Qd3 Rh8 12.Qxa6 Nc6 13.Be3
c4 14.a4 Nb8 15.Qb5 Qc6 16.Nd2 a6 17.Qxc6+ Nxc6 18.b3 cxb3 19.Rfb1
Na5 20.Nxb3 Nc4 21.Nd2 Nxd2 22.Bxd2 Rb8 23.Rb3 Kd7 24.f4 g6 25.Kf2
Be7 26.Rab1 Kc6 27.Ke2 h5 28.g3 b5 29.axb5+ Rxb5 30.Rxb5 axb5
31.Ra1 Kb7 32.h3 Ra8 33.Rf1 Ra3 34.g4 b4 35.f5 exf5 36.gxf5 bxc3
37.fxg6 fxg6 38.Bh6 Kc6 39.Rf7 Bh4 40.Rg7 c2 41.Rxg6+ Kc7 42.Rd6
Rc3 43.Bc1 Rxh3 44.Rxd5 Be7 45.e6 Bd6 46.Kd2 Kc6 47.Rf5 Bb4+
48.Kxc2 Rc3+ 49.Kb1 Rd3 50.Re5 Rxd4 51.e7 Bxe7 52.Rxe7 Kd6 53.Ba3+
Kd5 54.Kc2 Ra4 55.Bb2 Re4 56.Rh7 Re2+ 57.Kc1 Rh2 58.Ba3 Ke4 59.Kd1
Kf3 60.Rf7+ Kg4 61.Bd6 Ra2 62.Rf4+ Kg5 63.Rd4 Kf5 64.Ke1 Kg5
65.Kf1 Kf5 66.Bg3 Rb2 67.Bf2 Rb5 68.Kg2 Ke5 69.Rh4 Kf6 70.Ra4
Kf5 71.Kf3 Ke5 72.Be3 Ke6 73.Ra6+ Kd5 74.Rh6 Kc4 75.Ke4 Kc3 76.Bd4+
Kc4 77.Be5 Rb1 78.Rxh5 Re1+ 79.Kf5 1-0

[Event ""]
[Site ""]
[Date "????.??.??"]
[Round "2"]
[White "Êàìîâ Èãîðü"]
[Black "Ñêóðàòîâè÷ ßêîâ"]
[Result "1-0"]
[WhiteElo "2253"]
[BlackElo "1990"]
[Annotator ""]
[Source ""]
[Remark ""]

1.d4 d5 2.c4 e5 3.e3 dxc4 4.Bxc4 exd4 5.exd4 Nf6 6.Nf3 Bd6 7.O-O
O-O 8.h3 Bf5 9.Bg5 Nbd7 10.Nc3 c6 11.Bb3 h6 12.Bh4 g5 13.Bg3
Bxg3 14.fxg3 Bg6 15.Ne5 Nxe5 16.dxe5 Nh5 17.Qg4 Ng7 18.Rf6 Qd3
19.Kh2 Bf5 20.Rd1 Bxg4 21.Rxd3 Be6 22.Rxh6 Bxb3 23.axb3 Rfe8
24.Ne4 Nf5 25.Rh5 Rxe5 26.Nf6+ Kg7 27.Nd7 Rb5 28.Rxg5+ Kh6 29.h4
Re8 30.Nf6 Rf8 31.Kh3 Ng7 32.Rd6 Ne6 33.Ng4+ Kh7 34.Rxb5 cxb5
35.Ne5 Kg7 36.Rd7 Nc5 37.Rc7 Nxb3 38.Rxb7 a6 39.Ra7 a5 40.g4
a4 41.g5 Nc5 42.Rc7 Ne6 43.Rb7 Nd4 44.g6 Re8 45.Rxf7+ Kg8 46.Nd7
Re3+ 47.g3 1-0

[Event ""]
[Site ""]
[Date "????.??.??"]
[Round "2"]
[White "Èâàíîâ Ãëåá"]
[Black "Ïðîñâèðíèí Ëåâ"]
[Result "0-1"]
[WhiteElo "1923"]
[BlackElo "2241"]
[Annotator ""]
[Source ""]
[Remark ""]

1.Nf3 d5 2.d4 Nf6 3.e3 e6 4.Bd3 c5 5.b3 Nc6 6.a3 Ne4 7.Bb2 Qa5+
8.Nfd2 Nxd2 9.Nxd2 cxd4 10.exd4 Be7 11.O-O O-O 12.Nf3 Bf6 13.Re1
Qc7 14.Ne5 g6 15.Qf3 Bg7 16.Qg3 Nxe5 17.dxe5 a5 18.Rac1 Bd7 19.Qe3
b5 20.Bd4 Rfc8 21.f4 Bf8 22.Ra1 Rcb8 23.g4 b4 24.a4 Rc8 25.g5
Bc5 26.Bxc5 Qxc5 27.Qxc5 Rxc5 28.Kf2 Bc8 29.Ke3 Ba6 30.Rac1 Rc3
31.Red1 Rac8 32.Kd4 Bxd3 33.Rxd3 Rxc2 34.Rxc2 Rxc2 35.h3 Kf8
36.h4 Ke7 37.h5 Kd7 38.hxg6 hxg6 39.Rh3 Rf2 40.Ke3 Rf1 41.Rh7
Ke7 42.Rh3 Re1+ 43.Kd4 Rc1 44.Rg3 Kd7 45.Rh3 Re1 46.Kc5 0-1

[Event ""]
[Site ""]
[Date "????.??.??"]
[Round "2"]
[White "Êàðëñîí Âëàäèëåí"]
[Black "Êàçåííîâà Äàðüÿ"]
[Result "1-0"]
[WhiteElo "2227"]
[BlackElo "1946"]
[Annotator ""]
[Source ""]
[Remark ""]

1.e4 e5 2.Nf3 Nc6 3.Bb5 a6 4.Ba4 Nf6 5.O-O Be7 6.Re1 b5 7.Bb3
O-O 8.c3 d5 9.exd5 e4 10.dxc6 exf3 11.d4 fxg2 12.Bg5 Qd6 13.Qf3
Ng4 14.Bf4 Qf6 15.Nd2 Bd6 16.Bxd6 Qxd6 17.Qxg2 Bf5 18.h3 Nf6
19.Re5 Bg6 20.Rae1 Rae8 21.Rxe8 Rxe8 22.Rxe8+ Nxe8 23.Qd5 Qf6
24.Bd1 Nd6 25.Qe5 Kf8 26.Qxf6 gxf6 27.a4 Ne4 28.Nf1 bxa4 29.Bxa4
Ke7 30.h4 Nd6 31.Ne3 Nf5 32.h5 Nxe3 33.hxg6 fxg6 34.fxe3 1-0

[Event ""]
[Site ""]
[Date "????.??.??"]
[Round "2"]
[White "Íèêèòèí Àëåêñàíäð"]
[Black "Ìóëåíêî Àëåêñàíäð"]
[Result "1/2-1/2"]
[WhiteElo "1932"]
[BlackElo "2201"]
[Annotator ""]
[Source ""]
[Remark ""]

1.e4 c5 2.Nf3 g6 3.d4 Bg7 4.dxc5 Qa5+ 5.c3 Qxc5 6.Be3 Qc7 7.Bd4
Bxd4 8.Qxd4 Nf6 9.Na3 Nc6 10.Qe3 Ng4 11.Qd2 O-O 12.h3 Nge5 13.Nxe5
Qxe5 14.O-O-O Qxe4 15.Re1 Qf5 16.Bd3 Qf6 17.h4 d6 18.h5 Ne5 19.Bc2
Bf5 20.hxg6 Bxc2 21.gxh7+ Bxh7 22.Re3 Nd3+ 23.Rxd3 Bxd3 24.Qxd3
Qg5+ 25.Kd1 Qg6 26.Qd4 Qg7 27.Qe3 f5 28.Qe6+ Rf7 29.Rh6 Kf8 30.Rh3
Rf6 31.Qd7 e5 32.Qb5 f4 33.Qd3 Re8 34.Qe4 Rg6 35.Nb5 1/2-1/2

[Event ""]
[Site ""]
[Date "????.??.??"]
[Round "2"]
[White "Íåôåäîâ Ñåðãåé"]
[Black "Õîáîòîâà Îëåñÿ"]
[Result "1-0"]
[WhiteElo "2170"]
[BlackElo "1931"]
[Annotator ""]
[Source ""]
[Remark ""]

1.Nf3 Nf6 2.c4 g6 3.g3 Bg7 4.Bg2 O-O 5.O-O d6 6.Nc3 e5 7.b3 Nbd7
8.Bb2 a5 9.e3 Nc5 10.d4 exd4 11.Nxd4 Nfd7 12.Qc2 Ne5 13.Rad1
Ne6 14.Nce2 Nxd4 15.Nxd4 Qe7 16.h3 Rd8 17.Rfe1 c6 18.f4 Nd7 19.e4
Nf8 20.Kh2 Ne6 21.Nf5 Qf8 22.Nxg7 Nxg7 23.Qc3 Be6 24.Qf6 h5 25.Rf1
Kh7 26.f5 gxf5 27.exf5 Bc8 28.Qg5 Rd7 29.f6 Ne6 30.Be4+ Kh8 31.Qxh5+ 1-0

[Event ""]
[Site ""]
[Date "????.??.??"]
[Round "2"]
[White "Ïðîõîðîâ Ñåðãåé"]
[Black "Èñàåâ Åâãåíèé"]
[Result "1/2-1/2"]
[WhiteElo "2168"]
[BlackElo "1897"]
[Annotator ""]
[Source ""]
[Remark ""]

1.d4 Nf6 2.c4 e6 3.Nc3 d5 4.Bg5 Nbd7 5.e3 c6 6.cxd5 exd5 7.Bd3
Be7 8.Nge2 O-O 9.Qc2 Re8 10.O-O Nf8 11.Ng3 h6 12.Bxf6 Bxf6 13.b4
Be6 14.a4 a5 15.b5 c5 16.dxc5 Rc8 17.Rac1 Rxc5 18.Qd2 d4 19.Nce4
dxe3 20.Nxf6+ Qxf6 21.Qxe3 Rxc1 22.Rxc1 Rc8 23.Rxc8 Bxc8 24.Qc5
Be6 25.Nf1 Qf4 26.Bc2 Qc4 27.Qxc4 Bxc4 28.Ne3 Be6 29.Be4 Bb3
30.Bxb7 Bxa4 31.Bc6 Ne6 32.Nd5 Nd4 33.Nc3 Nxc6 34.Nxa4 Na7 35.b6
Nc6 36.Kf1 Kf8 37.Ke2 Ke7 38.Kd3 Ne5+ 39.Kd4 Kd6 40.Nc5 Nd7 41.Nb7+
Ke7 42.Nxa5 Nxb6 43.Nc6+ Kf6 1/2-1/2

[Event ""]
[Site ""]
[Date "????.??.??"]
[Round "2"]
[White "Õðàìöîâà Åëåíà"]
[Black "Ïÿòíèöûí Ìàêñèì"]
[Result "1-0"]
[WhiteElo "2071"]
[BlackElo "1857"]
[Annotator ""]
[Source ""]
[Remark ""]

1.e4 c6 2.d4 d5 3.exd5 cxd5 4.Bd3 Nc6 5.c3 Nf6 6.Bf4 g6 7.Nd2
Bg7 8.h3 O-O 9.Ngf3 a6 10.O-O Bf5 11.Bxf5 gxf5 12.Ne5 Rc8 13.Re1
b5 14.a3 Na5 15.Nf1 Qb6 16.Ng3 e6 17.Bg5 Qb7 18.Bxf6 Bxf6 19.Nh5
Bg5 20.Nf3 Qe7 21.Qe2 Nc6 22.Rad1 Bf6 23.Qe3 Bg7 24.Qf4 Kh8 25.Nxg7
Kxg7 26.Ne5 Na5 27.Nd3 Qc7 1-0

[Event ""]
[Site ""]
[Date "????.??.??"]
[Round "2"]
[White "Ïëàòîíîâà Ëþáîâü"]
[Black "Äàãàåâ Äìèòðèé"]
[Result "0-1"]
[WhiteElo "1930"]
[BlackElo "2156"]
[Annotator ""]
[Source ""]
[Remark ""]

1.c4 e5 2.Nc3 Nf6 3.e4 c5 4.g3 g6 5.Bg2 Bg7 6.Nge2 Nc6 7.d3 d6
8.h3 a6 9.O-O O-O 10.f4 exf4 11.gxf4 Nh5 12.Be3 Rb8 13.Rb1 Nd4
14.f5 Nxe2+ 15.Nxe2 Re8 16.Qd2 gxf5 17.Bh6 Qf6 18.Bg5 Qe5 19.d4
cxd4 20.Nf4 fxe4 21.Nxh5 e3 22.Bxe3 Qxe3+ 23.Qf2 Qxf2+ 24.Rxf2
Re3 25.Nxg7 Kxg7 26.Rd1 d3 27.Bf1 Bxh3 28.Bxd3 Rbe8 29.Kh2 Bg4
30.Rdd2 Rh3+ 31.Kg1 Ree3 32.Bf1 Rhg3+ 33.Kh2 Rgf3 34.Rxf3 Bxf3
35.Rxd6 Be2 36.Kg2 Bxf1+ 37.Kxf1 Re7 38.Kf2 h5 39.b4 f6 40.Kf3
Kg6 41.a4 Kg5 42.b5 axb5 43.axb5 Rc7 44.Rd5+ f5 45.c5 h4 46.b6
Rc6 47.Rd7 Rxc5 48.Rxb7 Rc3+ 49.Kg2 Rb3 50.Rb8 Kf4 51.b7 Rb2+
52.Kh3 Rb1 53.Kg2 Rb3 54.Rh8 Rb2+ 55.Kg1 Rxb7 56.Rxh4+ Kg3 0-1

[Event ""]
[Site ""]
[Date "????.??.??"]
[Round "2"]
[White "Äåðÿáèíà Ñâåòëàíà"]
[Black "Êàðàòàåâ Îëåã"]
[Result "1-0"]
[WhiteElo "2133"]
[BlackElo "1932"]
[Annotator ""]
[Source ""]
[Remark ""]

1.d4 e6 2.c4 f5 3.Nc3 Nf6 4.Bg5 Bb4 5.Qc2 O-O 6.e3 b6 7.Bd3 h6
8.Bh4 Bxc3+ 9.Qxc3 g5 10.Bg3 Ne4 11.Bxe4 fxe4 12.h4 g4 13.h5
d6 14.Ne2 Nd7 15.Nf4 Nf6 16.O-O-O Bd7 17.Bh4 c6 18.Kb1 d5 19.Ng6
Rf7 20.Ne5 Rg7 21.Rdf1 Be8 22.f3 exf3 23.gxf3 g3 24.Rfg1 g2 25.Rh2
Kh8 26.Ng4 Rxg4 27.fxg4 Ne4 28.Bxd8 Nxc3+ 29.bxc3 Rxd8 30.cxd5
exd5 31.Rgxg2 Bd7 32.g5 Bf5+ 33.Kc1 Be4 34.Rg4 Rg8 35.g6 Kg7
36.Rf4 Rf8 37.Rhf2 Rxf4 38.Rxf4 1-0

[Event ""]
[Site ""]
[Date "????.??.??"]
[Round "2"]
[White "Øèòîâ ßðîñëàâ"]
[Black "Êóòóåâà Íàòàëèÿ"]
[Result "1-0"]
[WhiteElo "2130"]
[BlackElo "1925"]
[Annotator ""]
[Source ""]
[Remark ""]

1.e4 e6 2.d4 d5 3.exd5 exd5 4.Qf3 Nf6 5.h3 Bd6 6.Bd3 h6 7.Be3
c6 8.Nd2 O-O 9.Ne2 Nbd7 10.g4 Ne8 11.O-O-O Nc7 12.Rdg1 Ne6 13.h4
Re8 14.g5 hxg5 15.hxg5 g6 16.Qh3 Kf8 17.Bxg6 Nxd4 18.Nxd4 Ne5
19.Bf5 1-0

[Event ""]
[Site ""]
[Date "????.??.??"]
[Round "2"]
[White "Æóðàâëåâ Àëåêñàíäð"]
[Black "Ðàêîâ Ìèõàèë"]
[Result "1/2-1/2"]
[WhiteElo "2118"]
[BlackElo "1912"]
[Annotator ""]
[Source ""]
[Remark ""]

1.d4 Nf6 2.Nf3 d5 3.Bf4 c6 4.c3 Bf5 5.e3 Qb6 6.Qb3 h6 7.Nbd2
Nbd7 8.c4 e6 9.c5 Qxb3 10.axb3 g5 11.Bg3 a6 12.b4 Rc8 13.h3 Ne4
14.Nxe4 Bxe4 15.Nd2 Bc2 16.Be2 Bg7 17.O-O e5 18.Nf3 f6 19.Rac1
Bg6 20.Rfe1 O-O 21.dxe5 Nxe5 22.Nd4 Nd3 23.Bxd3 Bxd3 24.Rcd1
Bg6 25.Bd6 Rfe8 26.Rd2 f5 27.Nb3 Re4 28.Nd4 f4 29.b5 axb5 30.Ra1
fxe3 31.fxe3 Rd8 32.Ra7 Bxd4 33.exd4 Rd7 34.Ra8+ Re8 35.Rxe8+
Bxe8 36.Re2 Bf7 37.Kf2 b6 38.Ke3 bxc5 39.Bxc5 Rd8 40.Kd2 Re8
41.Rf2 Re6 42.Kc3 Kg7 43.Kb4 1/2-1/2

[Event ""]
[Site ""]
[Date "????.??.??"]
[Round "2"]
[White "Äîëãîâà Òàìàðà"]
[Black "Íîâèöêèé Ëåîíèä"]
[Result "0-1"]
[WhiteElo "1907"]
[BlackElo "2113"]
[Annotator ""]
[Source ""]
[Remark ""]

1.e4 c5 2.Nf3 Nc6 3.d4 cxd4 4.c3 dxc3 5.Nxc3 e6 6.Bc4 Bb4 7.O-O
Bxc3 8.bxc3 Nge7 9.Bg5 b6 10.Qd6 f6 11.Bh4 Na5 12.Bb3 Nxb3 13.axb3
Ng6 14.Bg3 Qe7 15.Qc7 e5 16.Rxa7 Rxa7 17.Qxa7 Qc5 18.Rc1 Ne7
19.Nd2 d5 20.exd5 Qxd5 21.Nc4 Bb7 22.f3 Nc8 23.Qa1 O-O 24.Rd1
Qe6 25.Bf2 b5 26.Ne3 Nb6 27.Qb1 Rc8 28.Qb2 e4 29.fxe4 Qxe4 30.Rd4
Qc6 31.c4 bxc4 32.bxc4 Nd7 33.Qd2 Ne5 34.Rd8+ Rxd8 35.Qxd8+ Kf7
36.Qd4 h5 37.Bg3 Qxg2+ 38.Nxg2 Nf3+ 39.Kf2 Nxd4 40.Bb8 Bxg2 41.Kxg2
Ke6 42.Kf2 Nc6 43.Bc7 Ne5 44.Bxe5 Kxe5 45.Ke3 g5 0-1

[Event ""]
[Site ""]
[Date "????.??.??"]
[Round "?"]
[White "Ñìèðíîâ Íèêîëàé"]
[Black "Ïèùóðèíà Åêàòåðèíà"]
[Result "1/2-1/2"]
[WhiteElo "2083"]
[BlackElo "1902"]
[Annotator ""]
[Source ""]
[Remark ""]

1.d4 Nf6 2.c4 g6 3.Nc3 Bg7 4.e4 d6 5.g3 O-O 6.Bg2 e5 7.Nge2 Nc6
8.d5 Ne7 9.O-O Nh5 10.Be3 f5 11.Qd2 Nf6 12.h3 fxe4 13.Kh2 Nf5
14.Nxe4 Nxe4 15.Bxe4 Nxe3 16.Qxe3 Bf5 17.Rae1 g5 18.Nc3 Bh6 19.Qd3
Qd7 20.Bxf5 Rxf5 21.g4 Rf7 22.Ne2 Raf8 23.f3 Qa4 24.a3 b5 25.cxb5
e4 26.Nc3 exd3 27.Nxa4 Rxf3 28.Rxf3 Rxf3 29.Kg2 d2 30.Rd1 Rd3
31.Nc3 Bg7 32.Ne4 Rxd5 33.Rxd2 Rxb5 34.b4 h6 35.Rc2 Rb7 36.Nd2
c5 37.bxc5 dxc5 38.Ne4 Bd4 39.Nd6 Rb2 40.Rxb2 Bxb2 41.a4 a6 42.Kf3
Ba3 43.Ke4 a5 44.Kd5 Kg7 45.Ne4 Kg6 46.Nxc5 h5 47.Nb3 Bb4 48.Ke6
hxg4 49.hxg4 Bc3 50.Nc5 Bd2 51.Nd7 Bb4 52.Ne5+ Kg7 53.Kf5 Bc3
54.Nf3 Kf7 55.Nxg5+ Kg7 56.Ne4 Bb4 57.g5 Kf7 58.g6+ Kg7 59.Ng3
Bc3 60.Ne4 Bb4 61.Ng5 Bc3 62.Ne6+ Kg8 63.Ke4 Bb4 64.Nf4 Kg7 65.Kf5
Bc3 66.Nd5 Bd2 67.Nf6 Bc3 68.Ne4 Bb4 1/2-1/2

[Event ""]
[Site ""]
[Date "????.??.??"]
[Round "2"]
[White "Ïóòåíèõèí Îëåã"]
[Black "Ñåðãèåíêî Àíòîí"]
[Result "1-0"]
[WhiteElo "2061"]
[BlackElo "1902"]
[Annotator ""]
[Source ""]
[Remark ""]

1.d4 d5 2.c4 e6 3.Nc3 c5 4.e3 Nc6 5.Nf3 Nf6 6.a3 a6 7.Bd3 dxc4
8.Bxc4 b5 9.Ba2 cxd4 10.exd4 Be7 11.O-O O-O 12.Re1 Bb7 13.Bg5
h6 14.Bh4 Qb6 15.Qd3 Rfd8 16.Rad1 Rd7 17.Rxe6 Rad8 18.Rxf6 Bxf6
19.Bxf6 gxf6 20.Qg6+ Kf8 21.Qxh6+ Ke8 22.Qxf6 Qc7 23.Re1+ Re7
24.Qxf7+ Kd7 25.Rxe7+ Nxe7 26.Qe6+ Ke8 27.Ne5 Bd5 28.Bxd5 1-0

[Event ""]
[Site ""]
[Date "????.??.??"]
[Round "2"]
[White "Àëèåâà Íóðëàíà"]
[Black "Äåðáåíöåâà Èðèíà"]
[Result "1/2-1/2"]
[WhiteElo "1873"]
[BlackElo "2053"]
[Annotator ""]
[Source ""]
[Remark ""]

1.e4 e5 2.Nf3 Nc6 3.d4 exd4 4.Nxd4 Bc5 5.Nxc6 Qf6 6.Qd2 bxc6
7.Nc3 Ne7 8.Bd3 O-O 9.O-O d5 10.Qf4 Qxf4 11.Bxf4 Bb6 12.a4 a5
13.Rad1 Bg4 14.Rd2 Rae8 15.h3 Bc8 16.Rfd1 f5 17.exd5 cxd5 18.Re2
Ng6 19.Rxe8 Rxe8 20.Nxd5 Nxf4 21.Nxf4 g6 22.Bb5 Rf8 23.Nd5 Kg7
24.Nxb6 cxb6 25.Rd6 Rf6 26.Rxf6 Kxf6 27.Kf1 Ke5 28.Ke2 Bb7 29.g3
f4 30.c3 g5 31.Bd7 h5 32.h4 Ba6+ 33.Ke1 fxg3 34.fxg3 gxh4 35.gxh4
Kf4 36.Kf2 Bc4 37.b4 axb4 38.cxb4 Ba6 39.a5 bxa5 40.bxa5 Bb7
41.Be6 Ba6 1/2-1/2

[Event ""]
[Site ""]
[Date "????.??.??"]
[Round "2"]
[White "Ìèõàéëîâ Âÿ÷åñëàâ"]
[Black "Àáäðàõìàíîâ Ðàìèñ"]
[Result "1-0"]
[WhiteElo "2043"]
[BlackElo "1855"]
[Annotator ""]
[Source ""]
[Remark ""]

1.e4 c5 2.Nf3 d6 3.Bb5+ Bd7 4.Bxd7+ Qxd7 5.c4 Nc6 6.d4 cxd4 7.Nxd4
Nf6 8.Nc3 g6 9.f3 Bg7 10.Be3 Ne5 11.b3 O-O 12.O-O Rfd8 13.Rc1
Rac8 14.Kh1 a6 15.Na4 Qc7 16.Ne2 Ned7 17.Nf4 e6 18.Qe2 Nc5 19.Nc3
Qa5 20.Nd3 Nxd3 21.Qxd3 d5 22.cxd5 exd5 23.e5 d4 24.Bxd4 Qxe5
25.Ne2 Rxc1 26.Rxc1 Qd6 27.Rc4 Ng4 28.fxg4 Bxd4 29.Rxd4 1-0

[Event ""]
[Site ""]
[Date "????.??.??"]
[Round "2"]
[White "Äàâûäÿíö Ýäóàðä"]
[Black "Ìèðîíîâà Íàòàëüÿ"]
[Result "1-0"]
[WhiteElo "2034"]
[BlackElo "1844"]
[Annotator ""]
[Source ""]
[Remark ""]

1.e4 e6 2.d3 c5 3.Nd2 Nc6 4.g3 d5 5.Bg2 d4 6.Ngf3 Nf6 7.O-O Be7
8.Ne1 e5 9.h3 O-O 10.f4 exf4 11.gxf4 g6 12.Kh2 Be6 13.Nef3 Qc7
14.Ng1 b5 15.Ne2 Rad8 16.Nf3 c4 17.b3 c3 18.Ng3 a5 19.Ng5 a4
20.Qf3 axb3 21.axb3 Ra8 22.Rxa8 Rxa8 23.f5 Bd7 24.Bf4 Ne5 25.Qe2
Qc5 26.Bxe5 Qxe5 27.Nf3 Qc5 28.e5 Nd5 29.e6 fxe6 30.Ne5 Rd8 31.fxg6
hxg6 32.Qg4 Be8 33.Qxe6+ Kh7 34.Rf7+ 1-0

[Event ""]
[Site ""]
[Date "????.??.??"]
[Round "2"]
[White "Êîâàëåâ Åâãåíèé"]
[Black "Áóõàðèí Àíòîí"]
[Result "0-1"]
[WhiteElo "1830"]
[BlackElo "2033"]
[Annotator ""]
[Source ""]
[Remark ""]

1.e4 c6 2.d4 d5 3.e5 Bf5 4.Nf3 e6 5.Be2 c5 6.O-O Nc6 7.c3 Qb6
8.Qa4 Be7 9.a3 c4 10.Nbd2 Nh6 11.b3 Bc2 12.Bd1 Bd3 13.Re1 cxb3
14.Qxb3 g5 15.Be2 Bxe2 16.Rxe2 Qa6 17.Qd1 g4 18.Ne1 Nf5 19.Nf1
Na5 20.Qa4+ b5 21.Qd1 Rc8 22.Bb2 Nc4 23.Qb3 Rb8 24.Nd3 Qa4 25.Nd2
Kd7 26.Qxa4 bxa4 27.Nxc4 dxc4 28.Ne1 Rb3 29.g3 Rhb8 30.Ra2 Bd8
31.Ng2 Bg5 32.Kf1 Ne7 33.Rc2 Nd5 34.Ke2 h5 35.Kd1 Kc6 36.Ke2
Rh8 37.Kf1 Nc7 38.Ke2 Nb5 39.Ne3 Bxe3 40.Kxe3 Kd5 41.Kf4 Rg8
42.Ra1 Rg6 43.Ra2 f6 44.exf6 Rxf6+ 45.Kg5 Rf5+ 46.Kg6 Kd6 47.Ra1
Ke7 48.Ra2 Nd6 49.Bc1 Ne4 50.Bb2 Rb8 51.Bc1 Rg8+ 52.Kh6 Kf7 0-1

[Event ""]
[Site ""]
[Date "????.??.??"]
[Round "2"]
[White "Èãóäåñìàí Áîðèñ"]
[Black "Èíÿêèíà Èëèíà"]
[Result "1-0"]
[WhiteElo "2033"]
[BlackElo "1820"]
[Annotator ""]
[Source ""]
[Remark ""]

1.e4 c5 2.Nf3 a6 3.d4 cxd4 4.Nxd4 Nf6 5.Nc3 e5 6.Nf3 Bb4 7.Bc4
Qc7 8.Qd3 b5 9.Bb3 Bxc3+ 10.bxc3 O-O 11.Ba3 Re8 12.Bd6 Qc6 13.Ng5
Re6 14.Nxe6 dxe6 15.Bxe5 Qxe4+ 16.Qxe4 Nxe4 17.f3 Nc5 18.Kf2
Nc6 19.Rhd1 Bb7 20.Bc7 Rc8 21.Bb6 Nxb3 22.cxb3 Ne5 23.Rac1 Bd5
24.h3 h6 25.f4 Nd7 26.Ba5 Nf6 27.g4 Ne4+ 28.Ke3 g6 29.c4 bxc4
30.bxc4 Bc6 31.Rd8+ Rxd8 32.Bxd8 Kg7 33.g5 hxg5 34.fxg5 1-0